000 00656nam a2200229Ia 4500
003 OSt
005 20220918105543.0
006 a|||||r|||| 00| 0
007 ta
008 220915b |||||||| |||| 00| 0 eng d
024 _a60937
037 _cReference Collections
040 _aARTS
_cARTS
_beng
041 _2eng
_aeng
082 _aP41:4k, 111L7(RR)
245 0 _aChinese English dictionary of contemporary usage comp by Wen Shun Chi
260 _aBerkeley
_bUniv of California
_c1977
300 _axix, 484p.
650 _aLINGUISTICS
942 _hP41:4k, 111L7(RR)
_cREF
999 _c108066
_d108066